[Event "TUR Cup										"]
[Site "Antalya"]
[Date "2018.01.31"]
[Round "7"]
[White "Aydogdu, Selcan Ayberk"]
[Black "Sahin, Huseyin"]
[Result "0-1"]
[WhiteElo "1557"]
[BlackElo "1823"]
[PlyCount "102"]
[EventDate "2018.01.27"]
[EventType "swiss"]
[EventRounds "11"]
[EventCountry "TUR"]
[SourceTitle "CBM 182 Extra"]
[Source "ChessBase"]
[SourceDate "2018.02.23"]
[SourceVersion "1"]
[SourceVersionDate "2018.02.23"]
[SourceQuality "1"]

1. d4 Nf6 2. c4 g6 3. f3 Bg7 4. e4 d6 5. Nc3 0-0 6. Be3 Nbd7 7. Nh3 c5 8. d5 Ne5 9. Nf2 Qa5 10. Qc2 e6 11. Be2 exd5 12. cxd5 a6 13. 0-0 b5 14. a4 b4 15. Nb1 Qc7 16. Nd2 a5 17. Rac1 Ba6 18. Bxa6 Rxa6 19. h3 Qe7 20. Bg5 h6 21. Bh4 g5 22. Bg3 Nh5 23. Bh2 Ng6 24. Nc4 Nhf4 25. Ne3 b3 26. Qd2 Qf6 27. Nfd1 Qd4 28. Qxd4 cxd4 29. Rc7 dxe3 30. Nxe3 Bd4 31. Re1 Nd3 32. Re2 Ngf4 33. Bxf4 gxf4 34. g3 fxe3 35. Rc4 Bc5 36. Rc3 Nxb2 37. Rxb3 Rb6 38. Rxb6 Bxb6 39. Kg2 Nxa4 40. f4 Nc3 41. Re1 Nxe4 42. Kf3 Nc3 43. Rc1 e2 44. Re1 Re8 45. f5 Re3+ 46. Kf4 Rd3 47. Rxe2 Nxe2+ 48. Kg4 Rxg3+ 49. Kh4 Kh7 50. f6 Bf2 51. Kh5 Rg5# 0-1

[Event "Manavgat Turkey Cup"]
[Site "Manavgat"]
[Date "2016.02.02"]
[Round "5"]
[White "Alaz, Ahmet Efekan"]
[Black "Sahin, Huseyin"]
[Result "0-1"]
[WhiteElo "1868"]
[BlackElo "1811"]
[PlyCount "126"]
[EventDate "2016.01.30"]
[EventType "swiss"]
[EventRounds "11"]
[EventCountry "TUR"]
[SourceTitle "CBM 170 Extra"]
[Source "ChessBase"]
[SourceDate "2016.02.25"]
[SourceVersion "1"]
[SourceVersionDate "2016.02.25"]
[SourceQuality "1"]

1. d4 d5 2. e3 c6 3. Bd3 f5 4. c4 e6 5. Nd2 Nf6 6. f4 Bd6 7. a3 0-0 8. Ngf3 Ne4 9. 0-0 Nd7 10. b4 b6 11. Qb3 Ndf6 12. b5 Bb7 13. a4 c5 14. Bb2 cxd4 15. Bxd4 Nc5 16. Qc2 Rc8 17. Rfc1 Nfe4 18. Bf1 Nxd2 19. Nxd2 Qe7 20. Qb2 Nd7 21. a5 Bc5 22. axb6 axb6 23. Ra7 Rc7 24. Nf3 Rfc8 25. Nd2 Nf6 26. Nb3 Bxd4 27. Qxd4 Qd6 28. Bd3 Qb4 29. Rb1 dxc4 30. Na5 Qd2 31. Rxb7 Rxb7 32. Bxc4 Qxd4 33. Bxe6+ Rf7 34. exd4 Rd8 35. Nc6 Rd6 36. Bxf7+ Kxf7 37. Kf2 Ne4+ 38. Ke3 Rd5 39. Kd3 Nd6 40. Ne5+ Ke6 41. Nc4 Nxb5 42. Re1+ Kf6 43. Nxb6 Rxd4+ 44. Ke3 Re4+ 45. Kf2 Rxf4+ 46. Kg3 Rg4+ 47. Kf2 Nc3 48. Nd7+ Kg5 49. g3 Rd4 50. h4+ Kh5 51. Ne5 Ne4+ 52. Kf3 Ra4 53. Nd3 Ra3 54. Re3 Nd2+ 55. Kf4 Nc4 56. Rf3 g6 57. Nc5 Ra5 58. Ne6 Ne5 59. Ng7+ Kh6 60. Rc3 Kxg7 61. Rc7+ Kh6 62. Rc3 Ng4 63. Rc2 Kh5 0-1

[Event "Manavgat Turkey Cup"]
[Site "Manavgat"]
[Date "2016.01.31"]
[Round "3"]
[White "Daghan, Devran"]
[Black "Sahin, Huseyin"]
[Result "1-0"]
[WhiteElo "2004"]
[BlackElo "1811"]
[PlyCount "75"]
[EventDate "2016.01.30"]
[EventType "swiss"]
[EventRounds "11"]
[EventCountry "TUR"]
[SourceTitle "CBM 170 Extra"]
[Source "ChessBase"]
[SourceDate "2016.02.25"]
[SourceVersion "1"]
[SourceVersionDate "2016.02.25"]
[SourceQuality "1"]

1. e4 c6 2. d4 d5 3. Nc3 dxe4 4. Nxe4 Bf5 5. Ng3 Bg6 6. h4 h6 7. h5 Bh7 8. Nf3 Nf6 9. Bd3 Bxd3 10. Qxd3 Nbd7 11. Bd2 e6 12. 0-0-0 Qc7 13. Kb1 Bd6 14. Ne4 Nxe4 15. Qxe4 Nf6 16. Qe2 0-0-0 17. g3 Rd7 18. Ne5 Bxe5 19. dxe5 Nd5 20. c4 Ne7 21. Bc3 Rhd8 22. Rxd7 Qxd7 23. Bb4 c5 24. Bxc5 Qc6 25. Bxe7 Qxh1+ 26. Kc2 Rd4 27. f3 b6 28. c5 Kb7 29. cxb6 axb6 30. Bd6 Qg1 31. g4 g6 32. a3 gxh5 33. gxh5 Rh4 34. Qb5 Rh2+ 35. Kb3 Qd1+ 36. Ka2 Qd5+ 37. Qxd5+ exd5 38. e6 1-0

[Event "Manavgat Turkey Cup"]
[Site "Manavgat"]
[Date "2015.02.02"]
[Round "4"]
[White "Sahin, Huseyin"]
[Black "Sevgi, Volkan"]
[Result "1/2-1/2"]
[WhiteElo "1835"]
[BlackElo "2059"]
[PlyCount "186"]
[EventDate "2015.01.31"]
[EventType "swiss"]
[EventRounds "11"]
[EventCountry "TUR"]
[SourceTitle "CBM 164 Extra"]
[Source "ChessBase"]
[SourceDate "2015.03.02"]
[SourceVersion "1"]
[SourceVersionDate "2015.03.02"]
[SourceQuality "1"]

1. d4 d5 2. e3 Nf6 3. f4 Bf5 4. Nf3 e6 5. Bd3 Nbd7 6. 0-0 Be7 7. Qe2 0-0 8. Nbd2 c5 9. c3 a6 10. Ne5 Bd6 11. b3 b5 12. Bb2 Rc8 13. a4 Bxd3 14. Qxd3 c4 15. Qe2 Qc7 16. axb5 axb5 17. bxc4 dxc4 18. e4 b4 19. Nxd7 Nxd7 20. e5 Be7 21. f5 exf5 22. Rxf5 Qc6 23. Ra7 Ra8 24. Rxa8 Rxa8 25. Qxc4 Qxc4 26. Nxc4 bxc3 27. Bc1 Ra4 28. Ne3 Rxd4 29. g3 g6 30. Rf4 Nxe5 31. Rxd4 Nf3+ 32. Kf1 Nxd4 33. Nd5 Bd6 34. Nxc3 f5 35. Kg2 Be5 36. Nd5 Kf7 37. Nb4 Ke6 38. Nd3 Kd5 39. Bb2 g5 40. Bc1 Ne6 41. Nf2 Bd4 42. Nd1 Ke4 43. Nf2+ Bxf2 44. Kxf2 f4 45. gxf4 gxf4 46. Bb2 Ng5 47. Bf6 Kf5 48. Bd8 Kg4 49. Bc7 h5 50. Bb8 h4 51. Bc7 Ne6 52. Be5 Kf5 53. Bd6 Ng5 54. Be7 Kg4 55. Bd8 Ne4+ 56. Ke2 Nc3+ 57. Kf2 Ne4+ 58. Ke2 Ng5 59. Kf2 Nf7 60. Bc7 Kf5 61. Kg2 Ne5 62. Bd8 f3+ 63. Kf2 Kg4 64. Ke3 Nc4+ 65. Kf2 Nd2 66. Kg1 Ne4 67. Kf1 Kh3 68. Kg1 Kg4 69. Kf1 Nc5 70. Kf2 Nd3+ 71. Ke3 Nf4 72. Kf2 Nd3+ 73. Ke3 Ne5 74. Kf2 h3 75. Bc7 Nd3+ 76. Ke3 Nb2 77. Kf2 Nd1+ 78. Ke1 Nb2 79. Kf2 Nc4 80. Bb8 Na3 81. Ba7 Nb5 82. Bb8 Nc3 83. Kf1 Ne4 84. Bc7 Kf5 85. Bb8 Ke6 86. Ke1 Kd5 87. Kf1 Nf6 88. Kf2 Ke4 89. Ba7 Ng4+ 90. Kg3 Ne3 91. Kf2 Nf5 92. Bb8 Ne3 93. Ba7 Ke5 1/2-1/2

[Event "TUR-ch"]
[Site "Kemer"]
[Date "2012.01.29"]
[Round "2"]
[White "Sahin, Huseyin"]
[Black "Yilmaz, Turhan"]
[Result "0-1"]
[WhiteElo "1907"]
[BlackElo "2254"]
[PlyCount "142"]
[EventDate "2012.01.29"]
[EventType "swiss"]
[EventRounds "10"]
[EventCountry "TUR"]
[SourceTitle "CBM 146 Extra"]
[Source "ChessBase"]
[SourceDate "2012.02.29"]
[SourceVersion "1"]
[SourceVersionDate "2012.02.29"]
[SourceQuality "1"]

1. e4 e5 2. Nf3 Nc6 3. d4 exd4 4. Nxd4 d6 5. Nxc6 bxc6 6. Bc4 Be7 7. 0-0 Nf6 8. Nc3 0-0 9. h3 Nd7 10. f4 Nb6 11. Bd3 Be6 12. Qf3 Bc4 13. Be3 Bxd3 14. cxd3 c5 15. Rad1 f5 16. e5 d5 17. d4 c4 18. Kh2 Qd7 19. Rg1 Rf7 20. g4 c6 21. Rg2 Raf8 22. Rdg1 g6 23. Ne2 Kh8 24. Ng3 Bh4 25. Ne2 Nc8 26. g5 Ne7 27. Bd2 Rb8 28. Qe3 Qe6 29. Bc3 h6 30. a3 a5 31. Bxa5 Rxb2 32. Bc3 Rb3 33. a4 Rf8 34. a5 Kg8 35. gxh6 Kh7 36. Ra1 Nc8 37. Qd2 Be7 38. Rag1 Rg8 39. Nc1 Rb8 40. Qa2 Na7 41. Rb2 Nb5 42. Ne2 g5 43. fxg5 Bxg5 44. Bd2 Qxh6 45. Bxg5 Rxg5 46. Qb1 Rbg8 47. Rxg5 Qxg5 48. Qf1 c3 49. Ra2 c5 50. Qf2 cxd4 51. Nf4 Rc8 52. Ne6 Qh5 53. Nf4 Qh6 54. Nd3 f4 55. Qf3 Rc7 56. Qxd5 Qc6 57. Qxc6 Rxc6 58. Nc1 Ra6 59. Kg2 Kg6 60. Kf3 Kf5 61. Nd3 Rh6 62. Rh2 Rh4 63. a6 Rh6 64. h4 Rxa6 65. Re2 Rh6 66. Nxf4 Rxh4 67. Ng2 Rh3+ 68. Kf2 d3 69. Re3 c2 70. Rxh3 c1Q 71. Rxd3 Qc2+ 0-1